El diálogo corporal: acción educativa en el niño de 2 a 5 años

Tallennettuna:
Bibliografiset tiedot
Päätekijät: Vayer, Pierre (Tekijä), Barat, J. Claude (Tekijä)
Aineistotyyppi: Kirja
Kieli:espanja
Julkaistu: Barcelona Científico-Médica 1977
Sarja:Educación psicomotriz
Aiheet:
Tagit: Lisää tagi
Ei tageja, Lisää ensimmäinen tagi!

MARC

LEADER 00000nam a2200000 a 4500
001 UCZ0619
003 CL-VaPUC
008 950804e19770000SP |||||||||||||||||spa|d
082 0 4 |a 152.3  |b VAY  |2 21 
100 0 |a Vayer, Pierre  |e author  |9 343649 
700 0 |a Barat, J. Claude  |e author  |9 343650 
245 1 3 |a El diálogo corporal: acción educativa en el niño de 2 a 5 años 
300 |a 211 p 
942 |c BK 
945 |d 19950804 00:00:00  |a cmena 
260 |a Barcelona  |b Científico-Médica  |c 1977 
650 7 |a EDUCACION PSICOMOTRIZ  |2 CL-VaPUC  |9 307559 
650 7 |a PSICOMOTRICIDAD  |2 CL-VaPUC  |9 241072 
650 0 |a Niños  |9 255605 
650 0 |a Desarrollo individual   |9 307875 
650 0 |a Comportamiento   |9 308406 
650 0 |a Métodos de enseñanza  |9 270413 
583 |a last modification  |c 19950804 00:00:00  |k Rodrigo Vera 
490 0 |a Educación psicomotriz 
999 |c 237533  |d 237531 
952 |0 0  |1 0  |2 ddc  |4 0  |6 152_300000000000000_VAY_1977  |7 0  |8 A  |9 246805  |a BIBEDU  |b BIBEDU  |d 2019-11-18  |i 1551574  |l 2  |o 152.3 VAY 1977  |p 1551574  |r 2023-10-12  |s 2023-10-10  |w 2019-11-18  |y BK  |k EDU 
952 |0 0  |1 0  |2 ddc  |4 0  |6 152_300000000000000_VAY_1977  |7 0  |8 A  |9 246806  |a BIBEDU  |b BIBEDU  |d 2019-11-18  |i 1551582  |l 4  |o 152.3 VAY 1977  |p 1551582  |r 2025-03-11  |s 2025-03-11  |w 2019-11-18  |y BK  |k EDU 
952 |0 0  |1 0  |2 ddc  |4 0  |6 152_300000000000000_VAY_1977  |7 0  |8 A  |9 246807  |a BIBEDU  |b BIBEDU  |d 2019-11-18  |i 1551590  |l 2  |o 152.3 VAY 1977  |p 1551590  |r 2023-10-12  |s 2023-10-10  |w 2019-11-18  |y BK  |k EDU 
952 |0 0  |1 0  |2 ddc  |4 0  |6 152_300000000000000_VAY_1977  |7 0  |8 A  |9 246809  |a BIBEDU  |b BIBEDU  |d 2019-11-18  |i 1560123  |o 152.3 VAY 1977  |p 1560123  |r 2023-01-13  |w 2019-11-18  |y BK  |k EDU